| 000 | 01091cam a2200193 4500 | ||
|---|---|---|---|
| 001 | WB3923-01 | ||
| 008 | 030618n2003 000 0 eng u | ||
| 035 | _a(Sirsi) u122656 | ||
| 245 | _aBADA survey reflects difficulty trading times | ||
| 260 | _c2003 | ||
| 490 |
_aAntiques Trade Gazette _v(1594) 21 June 2003, 1&3(1) |
||
| 520 | _aThe British Antique Dealers' Association (BADA) in its annual survey of trading activity by its members in 2001-02 reports that over 40% of members had experienced a drop of sales by up to 10%.The survey was completed by 58% of its membership. The fall in sales figures is reflected across all sectors of the market with furniture, silver and jewellery showing the largest falls. The absence of Amercian buyers is cited as the primary reason for the shortfall. BADA dealers' sales to the United States was only 37% of total sales compared with 43% in 2001. BADA website, http://www.bada.org. | ||
| 590 | _aWB | ||
| 650 |
_aArts and antiques _96217 |
||
| 650 | _aFINE ART | ||
| 650 |
_aSales _96269 |
||
| 690 |
_aArts and antiques _96217 |
||
| 942 | _n0 | ||
| 999 |
_c72882 _d72882 |
||